Dirección de Estudios: Planta Docente según jornada, jerarquía y grado por unidad académica. primer semestre de 1995
保存先:
| 団体著者: | |
|---|---|
| フォーマット: | 図書 |
| 言語: | スペイン語 |
| 出版事項: |
Valparaíso
Universidad Católica de Valparaíso. Vicerrectoría de Desarrollo
1995
|
| 主題: | |
| タグ: |
タグ追加
タグなし, このレコードへの初めてのタグを付けませんか!
|
MARC
| LEADER | 00000cam a2200000 a 4500 | ||
|---|---|---|---|
| 001 | UCF7208 | ||
| 003 | CL-VaPUC | ||
| 008 | 130613e19950000CL |||||||||||||||||spa|d | ||
| 082 | 0 | 4 | |a 378.12 |b UNI |2 21 |
| 110 | 2 | |a Universidad Católica de Valparaíso. Vicerrectoría de Desarrollo |e author |9 569213 | |
| 245 | 1 | 0 | |a Dirección de Estudios: Planta Docente según jornada, jerarquía y grado por unidad académica. primer semestre de 1995 |
| 300 | |a 38 p | ||
| 942 | |c BK | ||
| 945 | |d 20130613 00:00:00 |a dcastane | ||
| 260 | |a Valparaíso |b Universidad Católica de Valparaíso. Vicerrectoría de Desarrollo |c 1995 | ||
| 650 | 0 | |a Universidades chilenas |9 407335 | |
| 650 | 0 | |a Educación superior |9 223851 | |
| 650 | 0 | |a Profesores universitarios |9 328378 | |
| 583 | |a last modification |c 20130613 14:21:00 |k Rodrigo Vera | ||
| 999 | |c 352113 |d 352111 | ||
| 952 | |0 0 |1 0 |4 0 |6 378_120000000000000_UNI_1995 |7 0 |8 X |9 456664 |a FDOBUD |b FDOBUD |d 2019-11-22 |i 4977394 |o 378.12 UNI 1995 |p 4977394 |r 2019-11-22 |w 2019-11-22 |y BK_X |k FHP | ||